01060cam a22002411 4500001001300000003000400013005001700017008004100034010001700075025001900092035001900111040001800130042001200148050001500160110005100175245026600226260002200492300002200514500012800536504002900664610004000693710008500733sa 68008306 DLC20260227112531.0830909s1965 ii b 000 0 eng  asa 68008306  aPL480:I-E-6503 a(OCoLC)9891995 aDLCcDSIdDLC apremarc00aQE509b.H91 aHyderabad (India).bGeophysics Research Board.10aUpper mantle project;bprogress report of the Republic of India.cCompiled and issued by the Secretariat of the Geophysics Research Board, National Geophysical Research Board, National Geophysical Research Institute, Council of Scientific & Industrial Research. aHyderabad,c1965. aiv, 45 p.c33 cm. aAt head of title: Geophysics Research Board. Indian National Committee for the International Union of Geodesy & Geophysics. aIncludes bibliographies.20aInternational Upper Mantle Project.2 aIndian National Committee for the International Union of Geodesy and Geophysics.